Guinness World Records 2015 / (Record no. 14467)
[ view plain ]
| 000 -LEADER | |
|---|---|
| fixed length control field | 01894nam a2200169 a 4500 |
| 020 ## - INTERNATIONAL STANDARD BOOK NUMBER | |
| ISBN | 1908843632 (hardcover) |
| 020 ## - INTERNATIONAL STANDARD BOOK NUMBER | |
| ISBN | 9781908843630 (hardcover) |
| 100 1# - MAIN ENTRY--AUTHOR NAME | |
| Personal name | Records, Guinness World. |
| 245 10 - TITLE STATEMENT | |
| Title | Guinness World Records 2015 / |
| 260 ## - PUBLICATION, DISTRIBUTION, ETC. (IMPRINT) | |
| Place of publication | [S.l.] : |
| Name of publisher | Guinness World Records, |
| Year of publication | 2014. |
| 300 ## - PHYSICAL DESCRIPTION | |
| Number of Pages | 256 p. ; |
| 520 ## - SUMMARY, ETC. | |
| Summary, etc | With a fresh new design and feel inspired by innovations in tablet technology, the latest GUINNESS WORLD RECORDS book presents thousands of new and updated records, along with hundreds of amazing never-before-seen photographs. The 2015 edition showcases the very best of the most recent world records, with new subjects as diverse as castles, 3D printing, the search for alien life and the latest developments in AI and robotics. Plus, the Flashback features offer a look back at the archives to bring you the best of the classic and iconic records from the past 60 years. Meanwhile, the Gallery spreads present the best GUINNESS WORLD RECORDS photography across themed topics such as giant musical instruments, wacky vehicles and animals in action. And look out for details of how readers can become record-breakers themselves. See it 3D! - The latest edition of our FREE Augmented Reality app brings the book to life with more exciting and interactive digital content, including a 3D animation of the tallest man who ever lived – Robert Wadlow, who reached the towering height of 2.72 m (8 ft 11.1 in). Plus, you will be transported to an underwater submarine so that you can dive with creatures as exotic as the great white shark! Also, you will encounter the world's most venomous spider – get closer and it will surprise you! Download the new app now to experience a whole new dimension of recor |
| 650 ## - SUBJECT ADDED ENTRY--TOPICAL TERM | |
| Topical Term | World records |
| 650 ## - SUBJECT ADDED ENTRY--TOPICAL TERM | |
| Topical Term | Curiosities and wonders |
| 856 ## - ELECTRONIC LOCATION AND ACCESS | |
| Uniform Resource Identifier | http://www.amazon.com/exec/obidos/ASIN/1908843632/chopaconline |
| 942 ## - ADDED ENTRY ELEMENTS (KOHA) | |
| Koha item type | Books |
| Withdrawn status | Lost status | Home library | Current library | Date acquired | Cost, normal purchase price | Full call number | Accession Number | Koha item type |
|---|---|---|---|---|---|---|---|---|
| Central Library, QUEST, Nawabshah | Central Library, QUEST, Nawabshah | 02/11/2015 | 3750.00 | 031.02GUN | 52995 | Books |